000 00981nam a2200241Ia 4500
001 16485
003 GE_BSU
008 181216s||||||||xx |||||||||||||| ||und||
020 _a978-9941-420-24-5
040 _cGE_BSU
080 _a37.01
100 _aფრენე, სელესტენ
245 _aპედაგოგიური ინვარიანტები
245 _cქართ. გამოც. რედ. კახმეგ კუდავა ; რუს. თარგმნეს: ციალა კალმახელიძემ და კახმეგ კუდავამ
260 _aთბილისი
260 _bინტელქტი
260 _c[2010]
300 _a108გვ;20სმ.
541 _h4ლ.
653 _aპედაგოგიკა
653 _aპედაგოგიური ინვარიანტები; გასაუბრება მშობლებთან
942 _cBK
999 _c49553
_d49553